LEADER 01061nam0-22003491i-450- 001 990001055730403321 010 $a3-540-19052-X 035 $a000105573 035 $aFED01000105573 035 $a(Aleph)000105573FED01 035 $a000105573 100 $a20000920d1988----km-y0itay50------ba 101 0 $aeng 200 1 $aComets to Cosmology$eProceedings of the third IRAS Conference held at Queen Mary College, University of London July 6-10, 1987$fEdited by A. Lawrence 210 $aBerlin [etc.]$cSpringer-Verlag$d1988 225 1 $aLecture notes in physics$v297 300 $aThis volume is dedicated to the memory of Marc Aaranson 1950-1987 610 0 $aAstronomia 610 0 $aAstrofisica 610 0 $aCosmologia 676 $a520 676 $a523 700 1$aLawrence,$bAndrew$050317 702 1$aAaranson,$bMarc 801 0$aIT$bUNINA$gRICA$2UNIMARC 901 $aBK 912 $a990001055730403321 952 $a19-152$b15161$fFI1 959 $aFI1 996 $aComets to Cosmology$9340528 997 $aUNINA DB $aING01 LEADER 01179nam--2200361---450 001 990000369390203316 005 20220907095327.0 010 $a88-8114-626-6 035 $a0036939 035 $aUSA010036939 035 $a(ALEPH)000036939USA01 035 $a0036939 100 $a20010322d1998----km-y0ENGy0103----ba 101 $aita 102 $aIT 200 1 $aAtti dell'Accademia romanistica costantiniana$e12. Convegno internazionale in onore di Manlio Sargenti 210 $aNapoli$cEdizioni scientifiche italiane$d1998 215 $a508 p.$d24 cm 300 $aTenuto a Spello e Perugia nel 1995. In testa al frontespizio: Università degli studi di Perugia, Facoltà di giurisprudenza 410 $12001 454 $12001 606 0 $aImpero romano$xFinanza$xCongressi$z1995 606 0 $aCongressi$yPerugia$ySpello$z1995 676 $a336.37 702 1$aSARGENTI,$bManlio 710 02$aAccademia romanistica Costantiniana$0240708 801 0$aIT$bsalbc$gISBD 912 $a990000369390203316 951 $aX 18 IV 12$b21499 G.$cX 18 959 $aBK 969 $aGIU 996 $aAtti dell'Accademia romanistica costantiniana$9243398 997 $aUNISA